| 000 | 02958nam0a2200385 4500 | ||
|---|---|---|---|
| 001 | RU\NLR\BIBL_A\022683695 | ||
| 005 | 20260319152004.0 | ||
| 010 |
_a978-5-9704-9564-3 _9300 |
||
| 021 |
_aRU _bКН-П-25-065986 _9КН-П-25-6388 |
||
| 035 | _a(NLR Aleph) 022683695 | ||
| 090 |
_a13639094 _c13639094 |
||
| 100 | _a20251209d2026 u y0rusy50 ca | ||
| 101 | 0 | _arus | |
| 102 | _aRU | ||
| 105 | _aa j 000yy | ||
| 181 | 0 |
_ai _b xxe |
|
| 182 | 0 | _an | |
| 200 | 1 |
_aСудебно-медицинская диагностика возрастных изменений дентина _eучебное пособие _eдля студентов высших учебных заведений, обучающихся по специальностям 31.05.01 "Лечебное дело", 31.05.03 "Стоматология" _f[Веленко Павел Сергеевич – кандидат медицинских наук, доцент, Баринов Евгений Христофорович – доктор медицинских наук, профессор, действительный член Международной академии естествознания, Международной академии наук экологии, безопасности человека и природы, член-корреспондент Российской академии естествознания, заслуженный деятель науки и образования РАЕ, заслуженный врач РФ, Брескун Максим Викторович – кандидат медицинских наук, доцент, и др.] _gпод редакцией П. С. Веленко, Е. Х. Баринова |
|
| 203 |
_aТекст _bвизуальный _cнепосредственный |
||
| 210 |
_aМосква _cГЭОТАР-Медиа _d2026 (печ. 2025) |
||
| 215 |
_a95 с. _cил., табл. _d21 |
||
| 300 | _aАвт. указаны на с. 4 | ||
| 301 | _aDOI: 10.33029/9704-9564-3-FMD-2026-1-96 | ||
| 320 | _aБиблиогр.: с. 88–95 (122 назв.) | ||
| 606 | 1 |
_aИдентификация личности по зубам _jУчебные издания для высших учебных заведений _xСудебно-медицинская экспертиза _92057564 _3RU\NLR\AUTH\661233736 |
|
| 606 | 1 |
_aДентин _jУчебные издания для высших учебных заведений _xВозрастные изменения _9967790 _3RU\NLR\AUTH\66362511 |
|
| 686 | 1 | _aР811.435я73 | |
| 686 | 1 | _aЕ864.121я73 | |
| 701 | 1 |
_aВеленко _bП. С. _gПавел Сергеевич |
|
| 701 | 1 |
_aБаринов _bЕ. Х. _f1961- _gЕвгений Христофорович _9150922 _3RU\NLR\AUTH\770150959 |
|
| 701 | 1 |
_aБрескун _bМ. В. _gМаксим Викторович |
|
| 942 | _cBOOK | ||
| 980 | _aNB | ||